Apuntes calor y frío industrial : 1a parte : transmisión del calor / por José Ma Jubany Socas 1a parte :
Descripción Física:
99 p. ; 30 cm
Materias:
Calor -- Transmissió
MARC
| LEADER | 00000nam a2200000Ia 4500 | ||
|---|---|---|---|
| 001 | 1957 | ||
| 008 | 160829s9999 xx 000 0 cat d | ||
| 080 | |a C-2-143 | ||
| 100 | 1 | |a Jubany Socas, José Maria |9 21064 | |
| 245 | |a Apuntes calor y frío industrial : |b 1a parte : |b transmisión del calor / por José Ma Jubany Socas | ||
| 260 | |a Barcelona : |b E.U. de Ingenieria Técnica Industrial. Departamento de Mecánica, [198 - ?] | ||
| 300 | |a 99 p. ; |c 30 cm | ||
| 650 | |a Calor |x Transmissió |9 21065 | ||
| 710 | |a Escola Universitària d'Enginyeria Tècnica Industrial de Barcelona. |b Departament de Mecànica |9 70048 | ||
| 901 | |a Arxiu | ||
| 942 | |n 1 | ||
| 952 | |0 0 |1 0 |4 0 |6 C2143 |7 1 |9 41785 |a Arxiu |b Arxiu |d 2016-12-01 |l 0 |o C-2-143 |p 1957 |r 2016-12-01 00:00:00 |w 2016-12-01 |y ARXIU | ||
| 999 | |c 43676 |d 43676 | ||